Rivista Contemporanea (Record no. 5146)
[ view plain ]
| 000 -LEADER | |
|---|---|
| campo de control de longitud fija | 01403npm a2200253 i 4500 |
| 001 - NÚMERO DE CONTROL | |
| campo de control | 5146 |
| 003 - IDENTIFICADOR DE NÚMERO DE CONTROL | |
| campo de control | ES-MaACL |
| 005 - FECHA Y HORA DE LA ÚLTIMA TRANSACCIÓN | |
| campo de control | 20230908142111.0 |
| 007 - CAMPO FIJO DE DESCRIPCIÓN FÍSICA--INFORMACIÓN GENERAL | |
| campo de control de longitud fija | hzrazu bucu |
| 008 - DATOS DE LONGITUD FIJA--INFORMACIÓN GENERAL | |
| campo de control de longitud fija | 900418r19901857it a 00010 ita d |
| 080 ## - NÚMERO DE LA CLASIFICACIÓN DECIMAL UNIVERSAL | |
| Número de la Clasificación Decimal Universal | 05(51.11 Torino) R. Contemporanea |
| 080 ## - NÚMERO DE LA CLASIFICACIÓN DECIMAL UNIVERSAL | |
| Número de la Clasificación Decimal Universal | 05(45) |
| 245 00 - MENCIÓN DEL TÍTULO | |
| Título | Rivista Contemporanea |
| Resto del título | : [Microforma] : Filosofia-Storia-Scienze-Letteratura, etc. |
| 260 ## - PUBLICACIÓN, DISTRIBUCIÓN, ETC. | |
| Lugar de publicación, distribución, etc. | Madrid : |
| Nombre del editor, distribuidor, etc. | Ateneo Cientifico, Literario y Artistico, |
| Fecha de publicación, distribución, etc. | 1990. |
| 300 ## - DESCRIPCIÓN FÍSICA | |
| Extensión | 10 carretes de microfilme : |
| Otras características físicas | negativo ; |
| Dimensiones | 16 mm. |
| 500 ## - NOTA GENERAL | |
| Nota general | Publicado originalmente: Torino, Tip. Economica diretta da Barera-Augusto Federico Negro, 1857-1870, periodicidad mensual. |
| 500 ## - NOTA GENERAL | |
| Nota general | Durante 1864 se publica con el tit.: Rivista Contemporanea Nazionale Italiana. |
| 505 8# - NOTA DE CONTENIDO CON FORMATO | |
| Nota de contenido con formato | Carrete n. 1: 1857 -- Carrete n. 2: 1859 a 1860 (t. 21) -- Carrete n. 3: 1960 (t. 22) a 1862 (t. 31, p.451) -- Carrete n. 4: 1862 (t. 31, p.452) a 1863 (t. 35, p.99) -- Carrete n. 5: 1863 (t.35, p.100) a 1864 -- Carrete n. 6: 1865 a 1866 (t. 44) -- Carrete n. 7: 1866 (t. 45) a 1867 (t. 49, p.345) -- Carrete n. 8: 1867 (t. 49, p.346) a 1869 (t. 54, p.309) -- Carrete n. 9: 1869 (t. 54, p.310) a 1869 (t. 57) -- Carrete n. 10: 1869 (t. 58) a 1870 |
| 650 14 - PUNTO DE ACCESO ADICIONAL DE MATERIA--TÉRMINO DE MATERIA | |
| Término de materia o nombre geográfico como elemento de entrada | Obras de 1800. |
| 9 (RLIN) | 15662 |
| 852 ## - LOCALIZACIÓN | |
| Ubicación | ES-MaACL |
| Número de control de estantería | MC-61-70 |
| itemnumber | 5263 |
| Ubicación en estantería | Depósito 1 |
| 942 ## - ELEMENTOS DE ENTRADA SECUNDARIOS (KOHA) | |
| Fuente del sistema de clasificación o colocación | Clasificación decimal universal |
| Tipo de ítem Koha | Microforma |
| Estatus retirado | Estado de pérdida | Fuente del sistema de clasificación o colocación | Estado de daño | No para préstamo | Colección | Biblioteca de origen | Biblioteca actual | Ubicación en estantería | Fecha de adquisición | Total de préstamos | Signatura topográfica completa | Código de barras | Visto por última vez | Precio de reemplazo | Tipo de ítem Koha |
|---|---|---|---|---|---|---|---|---|---|---|---|---|---|---|---|
| Clasificación decimal universal | Periódicos y Revistas | Biblioteca del Ateneo de Madrid | Biblioteca del Ateneo de Madrid | Depósito 1 | 17/01/2008 | MC-61-70 | 1005209 | 23/02/2023 | 23/02/2023 | Microforma |
